000 00359nam a22001457a 4500
999 _c197514
_d197514
008 230824b ||||| |||| 00| 0 eng d
082 _a921-KAUL
100 _aKaul, J.L.
245 _aReminiscences
_hEnglish
260 _aDelhi
_bA.I.C.B.
_cRohini
270 _aA.I.C.B. Rohini, Delhi
300 _a12x13
490 _v1
942 _2ddc
_cBRLEN
_k921
_mKAUL